| 000 | 00725cam a22002293a 4500 | ||
|---|---|---|---|
| 001 | 3293 | ||
| 003 | PGUSA | ||
| 005 | 20140828083030.0 | ||
| 008 | 020601s2002||||xxu|||||s|||||000 | eng d | ||
| 040 |
_aPGUSA _beng |
||
| 042 | _adc | ||
| 050 | 4 | _aDP | |
| 100 | 1 |
_aIrving, Washington, _d1783-1859 |
|
| 245 | 1 | 0 |
_aChronicle of the Conquest of Granada, from the mss. of Fray Antonio Agapida _h[electronic resource] / _cWashington Irving |
| 260 |
_bProject Gutenberg, _c2002 |
||
| 506 | _aPublic domain in the USA. | ||
| 516 | _aElectronic text | ||
| 653 | _aGranada (Kingdom) -- History -- Spanish Conquest, 1476-1492 | ||
| 830 | 0 |
_aProject Gutenberg _v3293 |
|
| 856 | 4 | 0 | _uhttp://www.gutenberg.org/ebooks/3293 |
| 942 | _cEB | ||
| 999 |
_c232622 _d232622 |
||